|
|
|
|
| LEADER |
01249nam a2200289 u 4500 |
| 001 |
10018654 |
| 003 |
upatras |
| 005 |
20210305164903.0 |
| 008 |
881025s1994 us eng |
| 020 |
|
|
|a 321182636X
|
| 040 |
|
|
|a GR-PaULI
|c GR-PaULI
|
| 041 |
0 |
|
|a eng
|
| 082 |
0 |
4 |
|a 621.044
|
| 245 |
1 |
0 |
|a Waves and instabilities in plasmas
|c ; edited by F. Cap
|
| 260 |
|
|
|a New York
|b Springer - Verlag
|c 1994
|
| 300 |
|
|
|a 282 σ.
|b σχημ.
|c 23 εκ.
|
| 490 |
0 |
|
|a CISM courses and lectures
|v 349
|
| 650 |
|
4 |
|a Πλάσμα (Ιονισμένα αέρια)
|9 4417
|
| 650 |
|
4 |
|a Κύματα (Φυσική)
|9 2387
|
| 700 |
1 |
|
|a Cap, F.
|9 141980
|
| 760 |
1 |
|
|a Courses and lectures
|g 349
|
| 852 |
|
|
|a GR-PaULI
|b ΠΑΤΡΑ
|b ΒΚΠ
|b ΒΣ1
|k ΑΣΧΞ
|h 621.044 WAV
|m 34286
|p 025000240317
|t 1
|
| 852 |
|
|
|a GR-PaULI
|b ΠΑΤΡΑ
|b ΒΚΠ
|b ΒΣ1
|k ΑΣΧΞ
|h 621.044 WAV
|m 34287
|p 025000240318
|t 2
|
| 942 |
|
|
|2 ddc
|c BK15
|
| 952 |
|
|
|0 0
|1 0
|4 0
|6 621_044000000000000_WAV
|7 0
|9 172128
|a LISP
|b LISP
|c BSC
|d 2016-04-24
|i 34286
|l 0
|o 621.044 WAV
|p 025000240317
|r 2016-04-24 00:00:00
|t 1
|w 2016-04-24
|y BK15
|
| 952 |
|
|
|0 0
|1 0
|4 0
|6 621_044000000000000_WAV
|7 0
|9 172129
|a LISP
|b LISP
|c BSC
|d 2016-04-24
|i 34287
|l 0
|o 621.044 WAV
|p 025000240318
|r 2016-04-24 00:00:00
|t 2
|w 2016-04-24
|y BK15
|
| 999 |
|
|
|c 107755
|d 107755
|